NFL Alabama Players currently (not including rookies) - Statistics

General Stats
  • This quiz has been taken 66 times
  • The average score is 18 of 42
Answer Stats
Picture Answer % Correct
Derrick Henry
98%
Julio Jones
88%
Mac Jones
87%
Jerry Jeudy
83%
Patrick Surtain
83%
Tua Tagovailoa
83%
DeVonta Smith
81%
Jaylen Waddle
77%
Calvin Ridley
75%
Trevon Diggs
75%
Najee Harris
73%
Amari Cooper
69%
Josh Jacobs
69%
Damien Harris
65%
Jalen Hurts
58%
Mark Ingram
58%
Marlon Humphrey
48%
CJ Mosley
46%
Minkah Fitzpatrick
40%
OJ Howard
37%
Eddie Jackson
35%
Quinnen Williams
35%
Jedrick Wills
27%
Irv Smith
25%
Landon Dickerson
25%
Alex Leatherwood
23%
Kenyan Drake
23%
Daron Payne
21%
Jonathan Allen
21%
Ryan Kelly
21%
Cam Robinson
19%
Jonah Williams
19%
Kareem Jackson
17%
JK Scott
15%
Xavier McKinney
13%
Cam Sims
12%
Christian Barmore
12%
Levi Wallace
12%
Ronnie Harrison
12%
A'Shawn Robinson
10%
Anthony Averett
6%
Derrick Gore
2%
No matching quizzes found
Score Distribution
Percent of People with Each Score
Percentile by Number Answered
Your Score History
You have not taken this quiz